000 00497nam a2200193 4500
003 OSt
005 20260530113853.0
008 260509b2005 |||a|||| |||| 00| 0 eng d
040 _aICI
_bspa
_cICI
050 _aNK1505
_b.L34
100 1 _aLPT /ID
_931439
245 1 0 _aLahti Polytechnic / Institute of Design
264 1 _bFinland Press
_c2005
300 _a123 páginas
336 _atexto
_2rdacontent
337 _asin medio
_2rdamedia
338 _avolumen
_2rdacarrier
942 _2lcc
_cBK
_n0
999 _c11526
_d11526